000 00624nam a2200229Ia 4500
003 OSt
005 20220925230510.0
006 a|||||r|||| 00| 0
007 ta
008 220923b |||||||| |||| 00| 0 eng d
037 _cGeneral Book
040 _aRTL
_cRTL
_beng
041 _2eng
_aeng
082 _aV3.N, L0
100 _aBeloff Max
245 0 _aIntellectual in politics and other essays
260 _aLondon
_bWeidenfeld and Nicolson
_c1970
300 _axix, 346p
_ccm.
650 _aGreat Britain History
_91540
942 _hV3.N, L0
_cGB
_2CC
999 _c585738
_d585738